| 000 | 00405nam a22001697a 4500 | ||
|---|---|---|---|
| 003 | SGT | ||
| 020 | _a9789391208097 | ||
| 082 |
_a546.07 _bP23N |
||
| 100 | _aNAGAR, AKHIL | ||
| 245 | _aA TB. OF PHARMACEUTICAL INORGANIC CHEMISTRY | ||
| 250 | _a1ST | ||
| 260 |
_aINDIA _bJAYPEE PUB _c2023 |
||
| 300 | _a189 | ||
| 650 | _aMICROBIOLOGY | ||
| 653 | _aPHARMACEUTICAL INORGANIC CHEMISTRY | ||
| 942 |
_2ddc _cBK |
||
| 999 |
_c33395 _d33395 |
||